| 000 | 00349nam a22001457a 4500 | ||
|---|---|---|---|
| 020 | _qHB. | ||
| 040 | _cFIZZA ISHAQ | ||
| 082 |
_a624.15 _bBRA |
||
| 100 |
_aDAS, M. BRAJA. _989523 |
||
| 245 |
_aPRINCIPAL OF SOIL DYNAMICS / _cBRAJA M. DAS. |
||
| 250 | _a4th ED. | ||
| 260 |
_aNEW DEHLI ; _bCENGAGE, _c2011. |
||
| 300 | _a594 P. ; | ||
| 942 |
_2ddc _cBK |
||
| 999 |
_c588230 _d588230 |
||